Normal view
MARC view
- Rodriguez, Ferdinand,
Entry Personal Name
001 - CONTROL NUMBER
- control field: 10738
003 - CONTROL NUMBER IDENTIFIER
- control field: NUST
005 - DATE AND TIME OF LATEST TRANSACTION
- control field: 20180601071908.0
008 - FIXED-LENGTH DATA ELEMENTS
- fixed length control field: 180601|| aca||aabn | a|a d
040 ## - CATALOGING SOURCE
- Original cataloging agency: NUST
- Transcribing agency: NUST
100 ## - HEADING--PERSONAL NAME
- Personal name: Rodriguez, Ferdinand,
- Dates associated with a name: 1928-
- Relator term: author.
670 ## - SOURCE DATA FOUND
- Source citation: Work cat.: (NUST)0: Rodriguez, Ferdinand, 1928- author., Principles of polymer systems
